El zorrito abandonado / (Registro nro. 3740)

Detalles MARC
000 -LEADER
fixed length control field 00995nam a2200241Ia 4500
003 - CONTROL NUMBER IDENTIFIER
control field OSt
005 - DATE AND TIME OF LATEST TRANSACTION
control field 20250710124557.0
008 - FIXED-LENGTH DATA ELEMENTS--GENERAL INFORMATION
fixed length control field 191128s2014 ck a br 000 j spa d
020 ## - INTERNATIONAL STANDARD BOOK NUMBER
International Standard Book Number 9789588860343
040 ## - CATALOGING SOURCE
Original cataloging agency CO-JMCR
Transcribing agency CO-JMCR
041 0# - LANGUAGE CODE
Language code of text/sound track or separate title spa
082 0# - DEWEY DECIMAL CLASSIFICATION NUMBER
Classification number N
Item number KORz
100 1# - MAIN ENTRY--PERSONAL NAME
Personal name Korschunow, Irina,
Relator term autora
9 (RLIN) 3574
245 13 - TITLE STATEMENT
Title El zorrito abandonado /
Statement of responsibility, etc. Irina Korschunow ; traducción Rafael Artega ; ilustraciones Patricia Rodríguez
250 ## - EDITION STATEMENT
Edition statement Segunda edición
260 ## - PUBLICATION, DISTRIBUTION, ETC.
Place of publication, distribution, etc. Bogotá :
Name of publisher, distributor, etc. Norma,
Date of publication, distribution, etc. 2014
300 ## - PHYSICAL DESCRIPTION
Extent 48 páginas :
Other physical details ilustraciones a blanco y negro ;
Dimensions 20 cm.
490 ## - SERIES STATEMENT
Series statement Torre de papel roja
520 ## - SUMMARY, ETC.
Summary, etc. El carácter de algunos de los animales del bosque se pone de manifisteo en esta historia, que muestra el sentimiento materno que se despierta en una zorra cuando encuentra a un zorrito huérfano abandonado en el bosque.
534 ## - ORIGINAL VERSION NOTE
Introductory phrase Der findefuchs.
650 ## - SUBJECT ADDED ENTRY--TOPICAL TERM
Topical term or geographic name entry element Cuentos infantiles alemanes ; Literatura infantil alemana--
9 (RLIN) 3575
942 ## - ADDED ENTRY ELEMENTS (KOHA)
Source of classification or shelving scheme Dewey Decimal Classification
Koha item type Books
Existencias
Withdrawn status Lost status Source of classification or shelving scheme Damaged status Not for loan Collection code Home library Current library Date acquired Source of acquisition Cost, normal purchase price Total Checkouts Total Renewals Full call number Barcode Date last seen Date last checked out Copy number Koha item type
    Dewey Decimal Classification     Fiction Biblioteca Pública José María del Castillo y Rada Biblioteca Pública José María del Castillo y Rada 11/28/2019 Donación 0.00 9 4 N KORz 201808041 01/29/2026 01/29/2026 Ej.1 Books